01233nam a2200289Ia 450000500170000000800410001702000180005808200140007610000200009024500790011025000180018930000920020749000100029950000390030950502630034860000500061165000470066165000290070865000240073794200120076126400320077333600270080533700330083233800280086504000350089399900150092820220317001409.0161108s2008 sp a g 000 0 spa  a978843423280804a927bD14m1 aMartín, Carme10aSalvador Dalíctextos, Carme Martín ; ilustraciones, Adriá Fruitós a1a. edición a63 páginasbilustraciones, fotografías en color y blanco y negroc27 cme1 plegable aYo... aIncluye un separador y un plegable aCadaqués. El paisaje de mis cuadros -- Impresionismo. íExplosión de luz y color en las telas! -- Federico García Lorca. Mi mejor amigo -- Futurismo. {BF}Cuadros de máquinas? -- El colage. íQué divertido! -- André. El hombre de los manifiestos14aDali, Salvadord1904-1989 xBiografias972104142LEMBaPintores españoles xBiografías 142LEMBaSurrealismo (Arte)142LEMBaArte moderno  2ddccBK aBarcelonabParramónc2008 atextobtxt2rdacontent asin mediaciónbn2rdamedia avolumenbnc2rdacarrier aCO-BoRNBPbspaerdacCO-BoRNBP c6849d6849